Vista normal
Vista MARC
Entrada Nombre personal
Número de registros utilizados en: 1
001 - NÚMERO DE CONTROL
- campo de control: 78917
003 - IDENTIFICADOR DEL NÚMERO DE CONTROL
- campo de control: DO-SdBNP
005 - FECHA Y HORA DE LA ÚLTIMA TRANSACCIÓN
- campo de control: 20210621092014.0
008 - DATOS DE LONGITUD FIJA
- campo de control de longitud fija: 210621|| aca||aabn | a|a d
040 ## - FUENTE DE LA CATALOGACIÓN
- Centro catalogador/agencia de origen: DO-SdBNP
- Centro/agencia transcriptor: DO-SdBNP
100 ## - ENCABEZAMIENTO-NOMBRE DE PERSONA
- Nombre de persona: Mirabal , Yoselman Rodwin
- Fechas asociadas al nombre: 1969 -
- Forma completa/desarrollada del nombre: Yoseman Rodwin Mirabal Rosario
670 ## - FUENTE DE DATOS ENCONTRADOS
- Cita de la fuente: Work cat.: (DO-SdBNP): Mirabal , Yoselman Rodwin 1969 - Yoseman Rodwin Mirabal Rosario, Pecado & salvación :, 2018
